| 000 | 00944nam0a2200289 4500 | ||
|---|---|---|---|
| 001 | RU\NLR\BIBL_A\011495677 | ||
| 005 | 20240727041125.0 | ||
| 010 |
_a9785905911545 _9300 |
||
| 021 |
_aRU _b2017-69423 _94927 |
||
| 035 | _a(RuMoRGB)009394600 | ||
| 035 | _a(NLR Aleph) 011495677 | ||
| 090 |
_a11970349 _c11970349 |
||
| 100 | _a20171013d2017 u y0rusy50 ca | ||
| 101 | 0 | _arus | |
| 102 | _aRU | ||
| 105 | _aa|||zzzz000gy | ||
| 200 | 1 |
_aЗвенит о Севере строка _eпесенная поэзия, очерки, этюды, зарисовки... _fПолина Росошик |
|
| 210 |
_aСалехард _cСеверное изд-во _d2017 |
||
| 215 |
_a271 с. _cил. _d22 |
||
| 686 |
_aШ5(2=Р)64-6я44 _2rubbk |
||
| 686 | 2 | _aШ6(2=Р)8я44 | |
| 700 | 1 |
_aРосошик _bП. А. _gПолина Архиповна |
|
| 942 | _cBOOK | ||
| 980 | _aNBR | ||